000
00296nam a22001337a 4500
008
170425b xxu||||| |||| 00| 0 eng d
020
_a
9780805382983
041
_a
eng
080
_2
3 ED
_a
54
100
_a
12
101
_a
SHM
245
_a
INTRODUCTORY CHEMISTRY
_c
RUSSO.S
942
_2
udc
_c
BK
999
_c
11983
_d
11983